000 01913cab a2200385 4500
001 ##L134249
008 060719n2006 000 0 eng u
035 _a(Sirsi) u134249
041 0 _aeng
100 1 _aHeller, Allison
245 0 0 _aBlack and white - and green
_bthe future of building regulations
260 _c2006
490 _aHousebuilder
_vSupplement June 2006, 1-24(24)
520 _aSupplement looking at the changes to Part L of the building regulations, which came into force on 6 April 2006, and the compliance issues that these raise for the construction industry. Also considers the DCLG's plans for a fresh approach to the regulatory system. Concludes with a roundup of those regulations which affect housing.
590 _aKA
650 2 4 _aBUILDING REGULATIONS 2000 APPROVED DOCUMENT A (2004 EDITION)
650 2 4 _aBUILDING REGULATIONS 2000 APPROVED DOCUMENT B (2002 EDITION)
650 2 4 _aBUILDING REGULATIONS 2000 APPROVED DOCUMENT C (2004 EDITION)
650 2 4 _aBUILDING REGULATIONS 2000 APPROVED DOCUMENT E (2004 EDITION)
650 2 4 _aBUILDING REGULATIONS 2000 APPROVED DOCUMENT M (2004 EDITION)
650 2 4 _aBUILDING REGULATIONS 2000 APPROVED DOCUMENT P (2005 EDITION)
650 2 4 _aBUILDING REGULATIONS 2000 APPROVED DOCUMENT F (2006 EDITION)
650 2 4 _aBUILDING REGULATIONS 2000 APPROVED DOCUMENT G (1992 EDITION, AMENDED 2000)
650 2 4 _aBUILDING REGULATIONS 2000 APPROVED DOCUMENT L1A (2006 EDITION)
650 2 4 _aBUILDING REGULATIONS 2000 APPROVED DOCUMENT L1B (2006 EDITION)
650 2 4 _aBUILDING REGULATIONS 2000 APPROVED DOCUMENT L2A (2006 EDITION)
650 2 4 _aBUILDING REGULATIONS 2000 APPROVED DOCUMENT L2B (2006 EDITION)
651 4 _aEngland and Wales
_y1543-
690 _aBuilding regulations
_96224
700 1 _aEverall, Paul
700 1 _aSmulian, Mark
700 1 _aMellor, Andrew
700 1 _aLeech, Andrew
942 _n0
999 _c77424
_d77424